000 00625nam a2200229Ia 4500
003 GCL
008 140319s9999 xx 000 0 ara d
040 _aGCL /
_cGCL
082 0 4 _a411
_bع ل
100 1 _aعفيفة دمشقية
245 1 0 _aلغتنا /
_cعفيفة دمشقية
700 1 _aنايف سعادة
700 1 _aمعين حمزة
300 _a70 ص
490 _aالبيئة العربية
_v0
650 0 4 _aالاصوات اللغوية
650 0 4 _aالكتابة
650 0 4 _aالصوت
650 0 4 _aالكلام
650 0 4 _aالكتابة العربية، علم
942 _2ddc
_cBK
999 _c50687
_d50687